Strednodobá koncepcia oficiálnej rozvojovej pomoci na roky 2003-2008
Salvato in:
| Natura: | Libro |
|---|---|
| Lingua: | slovacco inglese |
| Pubblicazione: |
Bratislava
Ministerstvo zahraničných vecí Slovenskej republiky
2003
|
| Soggetti: | |
| Tags: |
Nessun Tag, puoi essere il primo ad aggiungerne!!
|
MARC
| LEADER | 00000nam$a2200000$$$4500 | ||
|---|---|---|---|
| 001 | 0022203 | ||
| 005 | 20240318114720.0 | ||
| 020 | |a 80-89106-08-0 | ||
| 041 | 0 | |a slo | |
| 041 | 0 | |a eng | |
| 044 | |a SK | ||
| 245 | 1 | 0 | |a Strednodobá koncepcia oficiálnej rozvojovej pomoci na roky 2003-2008 |
| 264 | 1 | |a Bratislava |b Ministerstvo zahraničných vecí Slovenskej republiky |c 2003 | |
| 300 | |a 17, 17 s. | ||
| 610 | 2 | 0 | |a pomoc rozvojová |
| 610 | 2 | 0 | |a Slovensko |
| 610 | 2 | 0 | |a krajiny rozvojové |
| 610 | 2 | 0 | |a pomoc finančná |
| 610 | 2 | 0 | |a pomoc medzinárodná |
| 610 | 2 | 0 | |a pomoc zahraničná |